| 000 | 00482nam a2200181Ia 4500 | ||
|---|---|---|---|
| 008 | 240925s9999 xx 000 0 und d | ||
| 020 | _a047133328x | ||
| 082 | _a510.2462 KRE | ||
| 100 | _aKreyszing, Erwin | ||
| 245 | 0 | _aAdvanced Engineering Mathematics | |
| 250 | _a8th | ||
| 260 |
_aNew York: _bJohn Wiley & Sons _c,2000. |
||
| 300 |
_axviii,325p. _bNA _fOriginal |
||
| 500 | _aIncludes Index | ||
| 600 | _aHumanities & Natural Science | ||
| 650 | _aMathematics | ||
| 942 | _cBK | ||
| 999 |
_c5959 _d5959 |
||